| 000 | 02687cam a22005294a 4500 | ||
|---|---|---|---|
| 001 | muse76830 | ||
| 003 | MdBmJHUP | ||
| 005 | 20210127151755.0 | ||
| 006 | m o d | ||
| 007 | cr||||||||nn|n | ||
| 008 | 200724r20202017ne o 00 0 eng d | ||
| 020 | _a9789048534555 | ||
| 020 | _a9048534550 | ||
| 020 | _z9789462984035 | ||
| 020 | _z9462984034 | ||
| 035 | _a(OCoLC)1178720917 | ||
| 040 |
_aMdBmJHUP _cMdBmJHUP |
||
| 043 | _aas----- | ||
| 050 | 4 |
_aML3502.A785 _bB274 2017 |
|
| 082 | 0 |
_a781.630959 _223 |
|
| 082 | 0 | _a950 | |
| 100 | 1 |
_aBarendregt, Bart A., _d1968- _eauthor. |
|
| 245 | 1 | 0 |
_aPopular Music in Southeast Asia _cBart Barendregt, Peter Keppy, and Henk Schulte Nordholt. |
| 264 | 1 | _bProject Muse, | |
| 264 | 3 | _bProject MUSE, | |
| 300 |
_a1 online resource (1 EPUB unpaged) : _billustrations |
||
| 500 | _aIssued as part of book collections on Project MUSE. | ||
| 504 | _aIncludes bibliographical references. | ||
| 505 | 0 | _aIntroduction -- 1. Oriental foxtrots and phonographic noise, 1910s-1940s -- 2, Jeans, rock, and electric guitars, 1950s-mid-1960s -- 3. The ethnic modern, 1970s-1990s -- 4. Doing it digital, 1990s-2000s. | |
| 506 | 0 |
_aOpen Access _fUnrestricted online access _2star |
|
| 520 | _aFrom the 1920s on, popular music in Southeast Asia was a mass-audience phenomenon that drew new connections between indigenous musical styles and contemporary genres from elsewhere to create new, hybrid forms. This book presents a cultural history of modern Southeast Asia from the vantage point of popular music, considering not just singers and musicians but their fans as well, showing how the music was intrinsically bound up with modern life and the societal changes that came with it. Reaching new audiences across national borders, popular music of the period helped push social change, and at times served as a medium for expressions of social or political discontent. | ||
| 588 | _aDescription based on print version record. | ||
| 650 | 0 |
_aPopular music _zSoutheast Asia _xHistory and criticism. |
|
| 655 | 0 | _aElectronic books. | |
| 655 | 7 |
_aElectronic books. _2local |
|
| 700 | 1 |
_aSchulte Nordholt, Henk, _d1953- _eauthor. |
|
| 700 | 1 |
_aKeppy, Peter, _eauthor. |
|
| 710 | 2 |
_aProject Muse, _edistributor. |
|
| 776 | 1 | 8 |
_iPrint version: _z9789462984035 _z9462984034 |
| 710 | 2 |
_aProject Muse. _edistributor |
|
| 830 | 0 | _aBook collections on Project MUSE. | |
| 856 | 4 | 0 |
_zFull text available: _uhttps://muse.jhu.edu/book/66638/ |
| 999 |
_c26977 _d26977 |
||